[Event "Belgrade Investbank"]
[Site "Belgrade"]
[Date "1995.??.??"]
[Round "4"]
[White "Shirov, Alexei"]
[Black "Leko, Peter"]
[Result "1-0"]
[WhiteElo "2695"]
[BlackElo "2605"]
[Annotator "Shirov,A"]
[PlyCount "65"]
[EventDate "1995.11.??"]
[EventType "tourn"]
[EventRounds "11"]
[EventCountry "YUG"]
[EventCategory "17"]
[SourceTitle "CBM 051"]
[Source "ChessBase"]
[SourceDate "1996.04.01"]
[SourceVersion "1"]
[SourceVersionDate "1996.04.01"]
[SourceQuality "1"]

1. e4 {Ftacnik} e5 2. Nf3 Nc6 3. Bb5 a6 4. Ba4 Nf6 5. O-O Be7 6. Re1 b5 7. Bb3
d6 8. c3 O-O 9. h3 Bb7 10. d4 Re8 11. Ng5 (11. Nbd2 {Ftacnik} Bf8 12. a4 h6 13.
Bc2 exd4 14. cxd4 Nb4 15. Bb1 c5 16. d5 Nd7 17. Ra3 f5 18. exf5 Bxd5 (18...
Rxe1+ 19. Nxe1 (19. Qxe1 Bxd5 20. Nh2 (20. Ne4 Bf7 21. f6 g6 22. Nh4 d5 23. Rg3
Qe8 24. Nxg6 Bxg6 25. f7+ Qxf7 26. Nd6 {Ivanchuk,V-Lukacs,P/Debrecen/1988/1-0})
20... Nf6 21. Ng4 Be7 22. Ne4 Nxg4 23. hxg4 Bf6 24. axb5 axb5 25. Rxa8 Bxa8 26.
Nxf6+ Qxf6 27. Qe8+ Qf8 28. Qe2 Qf7 29. Qd2 Qd5 30. Qxd5+ Bxd5 {Pavlovic,
M-Hazai,L/Vrnjacka Banja/1988/0.5 (44)}) 19... Bxd5 20. Ne4 Nf6 21. Nxf6+ Qxf6
22. Bd2 Qd4 23. f6 Bf7 24. fxg7 Bxg7 25. Rg3 Kf8 26. Rxg7 Qxg7 27. Bc3 Qg5 28.
Qxd6+ Kg8 {Kilgour,D-Mannion,S/SCO-ch (03)/1995/0-1 (40)}) (18... Nf6 19. Ne4
Bxd5 20. Nxf6+ Qxf6 21. Bd2 Qxb2 22. Bxb4 Bf7 $1 $13) 19. Rxe8 (19. Ne4 Bf7 20.
axb5 d5 (20... axb5 21. Rxa8 Qxa8 22. Nxd6 $16) 21. Nc3 Rxe1+ 22. Nxe1 d4 23.
Be4 $5 (23. Ne4 axb5 24. f6 Nxf6 $6 (24... g6 $5) (24... Nd5 $5) 25. Nxf6+ gxf6
26. Rxa8 Qxa8 27. Qg4+ Kh8 28. Qf5 $36) 23... Ra7 (23... Rc8 $5 24. bxa6 Nb6 (
24... dxc3 25. bxc3 Nb6 $1 26. Qxd8 Rxd8 27. cxb4 $5) 25. Ne2 Nc4 26. Rg3 $1
$40) 24. Ne2 Nf6 25. Bf3 Qb6 $5 (25... d3 $15) 26. Rxa6 Rxa6 27. bxa6 Qxa6 {
Melnik-Kibalnichenko,S/corr/1991/0.5 (40)}) (19. Rae3 Rxe3 20. Rxe3 Nf6 21. g4
Qd7 22. g5 hxg5 23. Nxg5 Re8 24. axb5 axb5 25. Nf1 Bf7 26. Rg3 d5 27. Bd2 Nc6 {
Mrva,M-Stajcic,N/Mitropa Cup (01)/1995/0.5 (43)}) 19... Qxe8 20. Nh4 Nf6 21.
Ng6 Nc6 22. Nf4 Bf7 23. Ne6 Bxe6 24. fxe6 d5 {Arakhamia,K-Veroci,Z/Cetinje-W 
(01)/1991/0.5}) 11... Rf8 12. Nf3 Re8 13. a4 h6 14. Nbd2 Bf8 15. Bc2 exd4 16.
cxd4 Nb4 17. Bb1 c5 18. d5 Nd7 19. Ra3 f5 20. exf5 Bxd5 (20... Nf6) 21. Rxe8
Qxe8 22. Re3 $146 {White has lost the control of the center and his best
chance is to attack Black's K.} Qf7 (22... Qh5 {Ftacnik} 23. Ne4 bxa4 (23...
Ne5 24. g4 Nxf3+ 25. Qxf3 $14) 24. Bd2 $13) 23. Ne4 bxa4 $5 (23... Bxe4 24.
Rxe4 (24. Bxe4 d5 25. Bb1 bxa4 $13) 24... Nf6 (24... d5 {Ftacnik} 25. Re6 bxa4
26. Bf4 $44) (24... Qxf5 25. Bxh6 $1) 25. Re6 Re8 26. axb5 Rxe6 (26... axb5 27.
Qe2 {looks rather unpleasant}) 27. fxe6 Qxe6 28. bxa6 Nxa6 $14) (23... Ba2 $5 {
which Leko suggested after the game.}) 24. Nfg5 $5 (24. Qxa4 Re8 (24... Bc6 $2
25. Qd1 d5 26. Neg5 hxg5 27. Nxg5 Qf6 28. Re6 Qd4 29. Qh5 $18) 25. Bd2 $1 (25.
Neg5 $2 hxg5 26. Nxg5 Rxe3 27. Nxf7 Re1+ 28. Kh2 Bxf7 $19) 25... Bxe4 26. Bxe4
d5 27. Bb1 $14 Rxe3 28. fxe3) 24... hxg5 (24... Qxf5 25. Bd2 $1 (25. Nh7 $6 {
Sulipa} Qf7 $1 (25... Qxh7 $2 26. Nc3 $16) 26. Nxf8 (26. Rg3 Kh8) 26... Rxf8)
25... Bc6 (25... Bb3 $2 26. Rxb3 axb3 27. Bxb4 cxb4 (27... hxg5 28. Nxc5 $18) (
27... Nb6 28. Bc3 $18) 28. Nxd6 $18) (25... hxg5 26. Bxb4 cxb4 27. Nf6+ Qxf6
28. Qxd5+ Kh8 29. Qxa8) 26. Nh7 $3 {Sulipa} Qf7 $1 (26... Qxh7 27. Nxd6 $1 g6
28. Bxb4 $1 (28. Re6 $2 Ne5 $1 29. Rxe5 Rd8 30. Bxb4 Rxd6 $1 31. Ba2+ Kh8 $17)
28... cxb4 29. Qd4 $1 Qg7 (29... Ne5 30. Rxe5 Qd7 31. Qc4+ Kh8 32. Re6 $1 Bg7 (
32... Bxd6 33. Rxg6 $18) (32... Bb5 33. Qe4 $18) 33. Rxg6 Rf8 34. Bf5 $18) 30.
Qc4+ Kh7 (30... Kh8 31. Nf7+ Kh7 32. Rg3 $1 $18) 31. Qxc6 Rd8 32. Qc7 Qxb2 33.
Bxg6+ $1 Kxg6 34. Rg3+ Kh5 (34... Kh7 35. Qxd8 $18) 35. Nb7 $1 (35. Qxd8 $2
Qc1+ 36. Kh2 Bxd6 37. Qe8+ Kh4 38. Qxd7 Qf4 $1 $13) 35... Ne5 36. Nxd8 Qb1+ 37.
Kh2 Qf5 38. Nc6 Nxc6 39. Qxc6 Qf4 40. Kg1 $18) (26... Qd5 27. Nhf6+ $3 Nxf6 (
27... gxf6 28. Qg4+ Kh8 29. Rg3 Qf7 30. Qh4 h5 31. Bc3 Bg7 32. Nxd6 Qd5 33. Nf5
Qd1+ 34. Kh2 $18) 28. Nxf6+ gxf6 29. Qg4+ Qg5 (29... Kh8 30. Rg3 Qf7 31. Qh4
$18) 30. Qe6+ Kh8 31. Rg3 Bd5 (31... Re8 32. Qf7 $18) 32. Bxg5 $18) 27. Rg3 d5
28. Nxf8 Rxf8 29. Bxh6 dxe4 30. Rxg7+ Qxg7 31. Bxg7 Kxg7 32. Qg4+) 25. Nxg5 Qf6
$4 (25... Bb3 $1 26. Qf3 Bd5 (26... Qd5 $2 27. Be4) 27. Qd1 (27. Qe2 Bc4 28.
Qg4 $2 Nf6 29. Qh4 Qd5 30. Re6 Qd1+ 31. Kh2 Bxe6 32. fxe6 Qh5 $19) 27... Bb3
28. Qf3 $10) 26. Re6 $1 {Fascinating idea that opens the lines towards the K.}
(26. Qh5 $2 {Ftacnik} Qh6 27. Qxh6 gxh6 28. Ne6 Kf7 $19) 26... Bxe6 27. fxe6 g6
(27... Ne5 28. Qh5 (28. Bh7+ {Ftacnik} Kh8 29. Be4 Nf3+ $5 (29... Rd8 30. Qh5+
Qh6 31. Nf7+ Nxf7 32. Bxh6 Nxh6 33. Qg6 $18) 30. Bxf3 Rb8 31. Be4 g6 32. Qg4
$40) 28... Qh6 29. Bh7+ Kh8 30. Nf7+ Nxf7 31. Bxh6 Nxh6 32. Bb1 c4 33. g4 Nd3
34. g5 $18) 28. exd7 Rd8 29. Qg4 $5 (29. Ba2+ $1 Nxa2 30. Qd5+ Kh8 31. Nf7+ Kg7
32. Bh6+ $1 Kh7 33. Bg5 $18) 29... Be7 {Despite material advantage black has
to be careful as white's attack can become quite unpleasant.} (29... d5 {
Ftacnik} 30. Ne6 Rxd7 31. Bxg6 Bg7 (31... Rb7 32. Bf5+ Bg7 33. Qh5 $40) 32.
Bh7+ Kxh7 33. Ng5+ Kg8 34. Qxd7 $16) (29... Bg7 $5 {Ftacnik} 30. h4 (30. Bd2 d5
31. Qe6+ Qxe6 32. Nxe6 Rxd7 33. Nxc5 Rc7 34. Bxb4 Bf8 $1) (30. Ba2+ $6 d5 $1 (
30... Nxa2 31. Qc4+ Kh8 32. Nf7+ Kh7 33. Bg5 Qxb2 34. Bxd8 $16)) (30. Qc4+ d5
31. Qxc5 Qc6 32. Be3 $14) 30... Qe7 31. Ne6 Rxd7 32. Qxg6 $40) 30. h4 $1 (30.
Ne6 Kf7 {would make it longer. Now both the g6 pawn and the Black king are
terribly weak}) 30... d5 31. Nf3 Kg7 (31... Kf7 {Ftacnik} 32. Bxg6+ $1) 32. Bg5
Qxb2 (32... Qd6 33. Bf4 $18 (33. Bxe7 {Ftacnik} Qxe7 34. Qxg6+ Kf8 35. Bf5 $18)
) 33. Bh6+ (33. Bh6+ $1 {Ftacnik} Kh8 34. Qxg6 $18) 1-0

[Event "FIDE-Wch k.o."]
[Site "Groningen"]
[Date "1997.12.18"]
[Round "4.2"]
[White "Short, Nigel D"]
[Black "Beliavsky, Alexander G"]
[Result "1-0"]
[WhiteElo "2660"]
[BlackElo "2710"]
[Annotator "Short,N"]
[PlyCount "53"]
[EventDate "1997.12.09"]
[EventType "k.o."]
[EventRounds "7"]
[EventCountry "NED"]
[SourceTitle "CBM 063"]
[Source "ChessBase"]
[SourceDate "1998.03.26"]
[SourceVersion "1"]
[SourceVersionDate "1998.03.26"]
[SourceQuality "1"]

{Alexander Beliavsky is a difficult opponent for me. True, I did once beat him
in Dortmund using only 20 minutes on my clock but that was rather an exception.
I have often been outplayed, but on the rare occasions that I outplay him
myself I am prone to do something like blunder into mate in one . He had won
the very wild game of the previous day and so now I was facing the prospect of
elimination. I cannot say that I felt optimistic but, then again, I did not
feel pessimistic either. My abiding emotion was calmness which, for some
reason, is how I normally feel when I absolutely have to win.} {Wedberg: Nigel
Short refutes a premature central break with some crisp tactics.} 1. e4 {
Wedberg Ftacnik} e5 2. Nf3 {In 1997 I defeated the established grandmasters
Nikolic, Piket and Akopian using the King's Gambit. However you probably can
it only remember my loss to Shirov which appeared in every magazine in every
known language, with copious annotations by my esteemed opponent. Anyway I
decided to keep it in reserve for today and try instead the Spanish. As my
mother used to say,( I thought if I refer to my mother enough it might improve
my elo rating) you can't wear your best suit every day.} Nc6 3. Bb5 a6 4. Ba4
Nf6 5. O-O Be7 6. Re1 b5 7. Bb3 d6 8. c3 O-O 9. h3 Re8 10. d4 Bb7 11. Nbd2 Bf8
12. d5 {A continuation that brought me success in a key game in my match
against Jan Timman in 1993. It is also a lot easier than the sharp stuff
beginning} (12. a4 h6 13. Bc2 exd4 14. cxd4 Nb4 {which,in my advanced state of
senility, is an important consideration.}) 12... Nb8 13. Nf1 Nbd7 14. N3h2 {
/\Qf3 Fighting for the d5 square.} c6 {I suspect that the move played is not
the best; it may have been based on a miscalculation. 14...Nc5 or 14...h6 look
more appropriate.} (14... a5 {Ftacnik} 15. Ng4 a4 16. Bc2 Nxg4 17. hxg4 c6 18.
Ne3 Nc5 19. g3 Ra7 20. dxc6 Bxc6 21. Nd5 Bxd5 22. exd5 g6 {Dolmatov,S-Joshi,G/
Calcutta op 1996/1-0 (55)}) (14... Nc5 {Ftacnik} 15. Bc2 c6 16. dxc6 (16. b4
Ncd7 17. dxc6 Bxc6 18. Bg5 Qc7 19. Bxf6 Nxf6 20. Ng4 Nd7 21. Qf3 Nb6 22. Bb3
Qb7 23. Ng3 d5 {Korneev,O-Ibragimov,I/RUS-Cup5 1997/1/2-1/2 (52)}) 16... Bxc6
17. Bg5 h6 (17... Be7 18. Bxf6 Bxf6 19. Ng4 Bg5 20. b4 Ne6 21. Qf3 a5 22. a3
Qc7 23. Nge3 g6 24. Bb3 axb4 25. axb4 Bxe3 26. Qxe3 Nf4 {1-0 Benjamin,J-Ivanov,
A/USA-ch G1 1997/ (42)}) 18. Bxf6 Qxf6 19. Ng4 Qg5 (19... Qd8 20. Ng3 Qc7 21.
Qf3 Qb7 22. Nf5 Kh8 23. Rad1 Rad8 24. b4 Ne6 25. Qg3 Ng5 {0-1 Lopez Moll,
J-Dervishi,E/EU-chJM U18 1997 (39)}) 20. Ng3 Ne6 21. Ne3 Nf4 22. Qf3 g6 23. Bb3
Kg7 24. Qg4 Qd8 25. Nef5+ Kg8 26. Nh5 Ne6 {0-1 Herrera,I-Ibragimov,I/Anibal
op4th 1997/ (42)}) 15. dxc6 Bxc6 16. Bg5 Qc7 (16... h6 17. Bxf6 Nxf6 {Does not
solve the difficulties because of} 18. Ng4 $1 {after which black succumbs to
an unshakable grip on his d5 square as} Nxe4 $2 (18... Nh7 19. Bd5 Bxd5 20.
Qxd5 Rb8 21. Qd3 Ng5 22. Nge3 {Zagrebelny,S-Barus,C/Erevan olm 1996/EXT 96ch2 
(48)} (22. Nge3 {Ftacnik} a5 23. Nd5 Ne6 24. g3 Nc5 25. Qf3 Rb7 {1/2-1/2
Zagrebelny,S-Barus,C/Erevan olm 1996/ (48)})) 19. Qf3 d5 20. Rxe4 dxe4 21.
Qxf7+ {is not recommended.}) 17. Qf3 Qb7 (17... h6 {Ftacnik} 18. Bh4 Rac8 19.
Ng4 $14) 18. Ng3 d5 {I had consumed a fair ammount of time on these
unexceptional moves quietly calculating the variations. Suddenly I realised
that the position before me resembled a game I had published in the Sunday
Telegraph a few months back . I could not remember the names of the players or,
indeed, the exact continuation but I knew that white won crushingly. This gave
me some confidence. Later that evening I reread my notes to the game. I said
that 18...d5 does not solve black's difficulties because "the b3 bishop probes
the f7 square". This proved to be prophetic. Wedberg: Hoping for a quick
liquidation of the centre and possibly a draw.} (18... h6 {Ftacnik} 19. Bxf6
Nxf6 20. Rad1 Rac8 21. Ng4 $14) 19. Ng4 {Ftacnik: Black tries to free his
position with the central action, while white continues with his spanish plan
of activating both knights on the kingside.} dxe4 (19... Nxg4 {Ftacnik} 20.
exd5 Nxf2 21. dxc6 Nxh3+ 22. Kh1 Nxg5 23. Bxf7+ $18) 20. Qf5 Nd5 (20... e3 {
Ftacnik} 21. Rxe3 Bc5 22. Rd3 $16) (20... Be7 {Ftacnik} 21. Bxf6 (21. Nh5 $1 {
Wedberg}) 21... Nxf6 22. Nh5 Rac8 23. Nhxf6+ (23. Nxg7 Kxg7 24. Qg5+ Kh8 25.
Nxf6 Rg8 26. Qxe5 $18) 23... Bxf6 24. Nxf6+ gxf6 25. Qxf6 Qe7 26. Qf5 $18) 21.
Nxe4 Re6 (21... h6 {Ftacnik} 22. Bxh6 gxh6 23. Bxd5 Bxd5 24. Ngf6+ Nxf6 25.
Nxf6+ Kg7 26. Re3 Bd6 27. Rg3+ Kf8 28. Rd1 $18) 22. Rad1 {The pressure on the
black position is enormous. Ftacnik: Every single white piece is exercising
pressure against black center and kingside, danger alon a2-g8 diagonal has
exceptional value.} h5 $6 $146 {A novelty. Ivanovic,A-Gligoric,S/Yugoslavia
1997/ ( the game I had published) continued instead} (22... Rae8 23. Rd3 (23.
Ne3 {Wedberg} N7b6) 23... h5 24. Bxd5 $1 Bxd5 25. Ngf6+ $1 {and white won
elegantly some moves later.}) (22... g6 {Ftacnik} 23. Qf3 N7b6 24. Bxd5 Nxd5
25. Rxd5 Bg7 26. Red1 Bxd5 27. Rxd5 f5 28. Nef6+ $18) (22... N7b6 $142 {Wedberg
}) 23. Ne3 $1 {According to my little German friend white is already winning
here.} Nf4 {[#] Beliavsky's idea but it meets with a sharp tactical refutation.
} ({On} 23... Ne7 {I had intended} 24. Qxf7+ $1 Kxf7 25. Nd6+ Kg6 26. Nxb7) (
23... Nxe3 {Ftacnik} 24. Rxe3 g6 25. Qf3 Nc5 26. Bxe6 Nxe4 27. Bd7 $1 Bxd7 28.
Qxe4 $18) (23... N7b6 {Ftacnik} 24. Nxd5 Bxd5 25. Bxd5 Nxd5 26. Qf3 Rae8 27.
Rxd5 Qxd5 28. Nf6+ gxf6 29. Qxd5 $18) 24. Bxf4 Bxe4 (24... exf4 {Ftacnik} 25.
Bxe6 fxe6 26. Qxe6+ Kh8 27. Nd5 $18) (24... g6 {Ftacnik} 25. Qg5 Be7 26. Bxe6
Bxg5 27. Bxf7+ Kg7 28. Nd6 exf4 (28... Qb6 29. Bxg5 $18) 29. Nxb7 fxe3 30. Na5
$18) 25. Rxd7 $1 Bxf5 (25... Qxd7 26. Qxe4 exf4 27. Bxe6 Qxe6 28. Qxa8 {
is hopeless.}) 26. Rxb7 exf4 {Now after 27.Bxe6 Bxe6 28.Nc2 Bxa2 white faces a
tough technical task but I had forseen the bonecruncher some moves earlier.} (
26... Be4 {Ftacnik} 27. Rd7 exf4 28. Bxe6 fxe6 29. Rd4 $18) 27. Rxf7 $1 {
Simple but pretty nontheless. Black resigned. At least there are some
advantages to writing a weekly newspaper column!} (27. Rxf7 $3 {Ftacnik} Kxf7 (
27... fxe3 28. Rxf5 $18) 28. Nxf5 Kf6 (28... Rae8 29. Nd4 $18) 29. Bxe6 Re8 30.
Nd4 Bc5 31. Rd1 Bxd4 32. Bd7 $18) 1-0

[Event "Belgrade GMA op"]
[Site "Belgrade"]
[Date "1988.??.??"]
[Round "?"]
[White "Todorovic, Goran M"]
[Black "Smagin, Sergey"]
[Result "0-1"]
[WhiteElo "2425"]
[BlackElo "2550"]
[Annotator "Smagin,S"]
[PlyCount "116"]
[EventDate "1988.12.??"]
[EventType "swiss"]
[EventRounds "9"]
[EventCountry "YUG"]
[SourceTitle "TD"]
[Source "ChessBase"]
[SourceDate "1994.03.01"]
[SourceVersion "1"]
[SourceVersionDate "1994.03.01"]
[SourceQuality "1"]

1. e4 e5 2. Nf3 Nc6 3. Bb5 a6 4. Ba4 Nf6 5. O-O Be7 6. Re1 b5 7. Bb3 d6 8. c3
O-O 9. h3 Be6 10. d4 Bxb3 11. axb3 Re8 12. d5 Nb8 13. c4 c6 14. dxc6 Nxc6 {N} (
14... b4) 15. Nc3 Qb6 (15... Qb8 $5 16. cxb5 axb5 17. Rxa8 Qxa8 18. Nxb5 Rb8 $1
$44) 16. Bg5 Nb4 (16... bxc4 17. Bxf6 Bxf6 18. Nd5 Qxb3 19. Nxf6+ gxf6 20. Qd2
$40) 17. Qd2 $1 { b5} bxc4 18. bxc4 Nd7 $1 19. Red1 (19. Bxe7 Rxe7 20. Nb5 Rd8
$1 21. Qxb4 axb5 22. cxb5 (22. Qxb5 Qxb5 23. cxb5 Rb8 $11) 22... Nc5 $1 $44)
19... Bf8 20. Nd5 Nxd5 21. Qxd5 Rec8 $2 (21... Qxb2 22. Rdb1 Qc2 23. Rc1 $11) (
21... Qb3 $1 22. Ra3 (22. Nd2 Qxb2 23. Rdb1 Qd4 $1 $17) 22... Qxb2 23. Bc1 Qb8
24. Ng5 Re7 25. Qxd6 Qc8 $1 $15) 22. Be3 Qb3 23. Nd2 $1 $16 (23. Ng5 $2 Qxc4)
23... Qb8 24. b3 Be7 25. Ra2 Bd8 26. Rda1 a5 27. b4 (27. Qd3 $16) 27... Nf6 (
27... Qxb4 28. Rb1 Qc3 29. Rb7 $18) 28. Qd3 d5 $8 29. exd5 (29. cxd5 $5) 29...
Qxb4 30. Rb1 Qd6 31. Ne4 $2 (31. Bg5 $1 $16) 31... Nxe4 32. Qxe4 f5 $1 33. c5
$6 (33. Qd3) 33... fxe4 34. cxd6 Rcb8 35. Rc1 Kf7 36. Rc4 Ra6 37. Rc6 Rba8 38.
Ra4 Ke8 39. Bc1 Kd7 40. Rxa6 Rxa6 41. Ba3 Rb6 $1 42. Rxe4 Rb3 $1 43. Re3 (43.
Ra4 Rb1+ 44. Kh2 Ra1 $19) 43... Rxe3 44. fxe3 e4 $1 45. Kf2 Bf6 46. Kg3 $8 Be5+
47. Kg4 g6 48. h4 (48. Kg5 Bxd6 49. Bc1 (49. Bb2 a4 50. Kh6 a3 51. Ba1 Bc5 $19)
49... a4 50. Kh6 a3 51. Kxh7 a2 52. Bb2 Bc5 53. Kxg6 Bxe3 54. Kf5 Bc1 $1 $19)
48... a4 49. h5 Bxd6 50. Bc1 Ke7 $1 51. Kg5 Kf7 52. g4 a3 53. Kh6 a2 54. Bb2
gxh5 55. g5 Kg8 56. Kxh5 Bf8 57. d6 Bxd6 58. g6 Bf8 0-1